000 00941nam a2200217 i 4500
001 187335
003 SpMaBN
005 20250731001136.0
008 170605s1930 sp f |||| | spa d
080 _a94(460.18)"1520/21"
100 1 _aPoch Noguer, José.
_992696
245 1 4 _aLos comuneros de Castilla
_b: la vida por las libertades patrias /
_cpor José Poch N. ; ilustraciones de Jesús de la Helguera.
260 _aBarcelona :
_bAraluce,
_c[1930]
300 _aVIII, 9-150 p., [8] h. de lám. col. ;
_c17 cm.
490 1 _aPáginas brillantes de la historia ;
_v19
651 7 _aCastilla (Reino)-
_xHistoria-
_y1520-1521, Rebelión de los comuneros
_2
_9142469
700 1 _aHelguera, Jesús de la (
_d1910-1971)
_9162947
830 0 _aPáginas brillantes de la historia ;
_v19
_9225554
852 _aES-MaACL
_jL-31681
_z- enc. cart.
_z. - Donat. herederos de la bibl. de Mª del Pilar Costa Palacín
999 _c187335
_d187335